000 00714nam a2200193Ia 4500
008 220204s9999 xx 000 0 und d
082 _a631.52:631.547.5
_bSCH
245 0 _aProgress in temperate fruit breeding: Proceedings of the Eucarpia Fruit Breeding Section Meeting held at Wadenswil/Einsiedeln, Switzerland from August 30 to September 3, 1993
260 _aNetherlands
_bKluwer Academic Publishers
_c1994
490 _aDevelopments in Plant Breeding V1
650 _aApple RAPD markers
650 _aDisease resistance breeding
650 _aDNA fingerprinting
650 _aGenome mapping
650 _aMolecular markers
700 _aKellerhals, Markus
700 _aSchmidt, Hanna
942 _cBK
999 _c41085
_d41085